000 00856nam a2200217 a 4500
003 0
005 20250305150343.0
008 090706s19uu xx 00 eng d
050 _aPGS LB 1065
_b.Sa246 2009
100 _aSarmiento, Camilo Miguel S.
245 _aGadget ownership and academic performance /
_cCamilo Miguel S. Sarmiento.
260 _aLas PiƱas City, Philippines :
_bSouthville International School and Colleges,
_c2009.
300 _a22 pages :
_billustrations ;
_c28 cm.
504 _aIncludes bibliographical references.
650 _aAcademic achievement
_vInfluencing factors.
650 _aEducational technology
_vEffect on academic achievement.
650 _aStudent achievement
_vTechnological influences.
650 _aTechnology and children.
650 _aDigital devices
_vEducational aspects.
942 _2lcc
_cPASS
999 _c98203
_d98203